000 00306nam a22001337a 4500
008 180208b xxu||||| |||| 00| 0 eng d
020 _a9781933107844
041 _aeng
080 _a615
100 _a5
101 _aFAR
245 _aRn pharmacology for nursing edition 5.0
_cKnippa,A
942 _2udc
_cBK
999 _c42197
_d42197